Od čiarového kódu k RFID a ďalej

Čiarový kód EAN. Rádiofrekvenčná identifikácia RFID a elektronický produktový kód EPC. Globálny jazyk obchodu. Využitie RFIDu. Realizované projekty.

Salvato in:
Dettagli Bibliografici
Natura: Capitolo di libro
Lingua:slovacco
Soggetti:
Tags: Aggiungi Tag
Nessun Tag, puoi essere il primo ad aggiungerne!!

MARC

LEADER 00000naa$a2200000$$$4500
001 0065303
005 20231006122045.2
041 0 |a slo 
044 |a SK 
245 1 0 |a Od čiarového kódu k RFID a ďalej 
520 |a Čiarový kód EAN. Rádiofrekvenčná identifikácia RFID a elektronický produktový kód EPC. Globálny jazyk obchodu. Využitie RFIDu. Realizované projekty. 
610 2 0 |a kódy čiarové 
610 2 0 |a maloobchod 
610 2 0 |a identifikácia automatická 
610 2 0 |a produkty